| 000 | 01636nam a2200397 i 4500 | ||
|---|---|---|---|
| 001 | 00338330 | ||
| 003 | IGIG | ||
| 005 | 20250113102819.0 | ||
| 006 | m eo d | ||
| 007 | cr bn||||m|||a | ||
| 008 | 240722s2024 pau fob 001 0 eng d | ||
| 020 |
_a9798369341681 _qPDF |
||
| 020 |
_z9798369341674 _qprint |
||
| 024 | 7 |
_a10.4018/979-8-3693-4167-4 _2doi |
|
| 035 | _a(CaBNVSL)slc00006217 | ||
| 035 | _a(OCoLC)1427679625 | ||
| 040 |
_aCaBNVSL _beng _erda _cCaBNVSL _dCaBNVSL |
||
| 082 | 0 | 4 |
_a658.8/12 _223 |
| 245 | 0 | 0 |
_aConsumer experience and decision-making in the metaverse / _cTheodore Tarnanidis, editor. |
| 264 | 1 |
_aHershey, Pennsylvania (701 E. Chocolate Avenue, Hershey, Pennsylvania, 17033, USA) : _bIGI Global, _c2024. |
|
| 300 | _a22 PDFs (314 pages) | ||
| 336 |
_atext _2rdacontent |
||
| 337 |
_acomputer _2rdamedia |
||
| 338 |
_aonline resource _2rdacarrier |
||
| 504 | _aIncludes bibliographical references and index. | ||
| 506 | _aRestricted to subscribers or individual electronic text purchasers. | ||
| 530 | _aAlso available in print. | ||
| 538 | _aMode of access: World Wide Web. | ||
| 588 | _aDescription based on title screen (IGI Global, viewed 07/22/2024). | ||
| 650 | 0 | _aRelationship marketing. | |
| 655 | 4 | _aElectronic books. | |
| 700 | 1 |
_aTarnanidis, Theodore, _d1977- _eeditor. |
|
| 710 | 2 |
_aIGI Global, _epublisher. _9217236 |
|
| 776 | 0 | 8 |
_iPrint version: _z9798369341674 |
| 856 | 4 | 0 |
_uhttps://ezproxy.taylors.edu.my/login?url=http://services.igi-global.com/resolvedoi/resolve.aspx?doi=10.4018/979-8-3693-4167-4 _zAn electronic book accessible through the World Wide Web; click to view |
| 999 | _c191925 | ||